Apuntes sobre Cerámica Morisca (Record no. 3298)

MARC details
000 -CABECERA
campo de control de longitud fija 01185nam a2200301 a 4500
001 - NÚMERO DE CONTROL
campo de control BRCA_3563
005 - FECHA Y HORA DE LA ÚLTIMA TRANSACCIÓN
campo de control 20190320204332.0
008 - DATOS DE LONGITUD FIJA--INFORMACIÓN GENERAL
campo de control de longitud fija 040809s1923----sp-a---###---#000-0#spa-#
041 ## - CÓDIGO DE LENGUA
Código de lengua del texto/banda sonora o título independiente spa
044 ## - CÓDIGO DEL PAÍS DE LA ENTIDAD EDITORA/PRODUCTORA
Código MARC del país sp
050 #4 - SIGNATURA TOPOGRÁFICA DE LA BIBLIOTECA DEL CONGRESO
Número de clasificación NK4310
Número de documento/Ítem .O84 1923
100 1# - ENTRADA PRINCIPAL--NOMBRE DE PERSONA
Nombre de persona Osma, Guillermo Joaquín de
9 (RLIN) 9250
245 10 - MENCIÓN DE TÍTULO
Título Apuntes sobre Cerámica Morisca
Resto del título los maestros alfareros de Manises, Paterna y Valencia : contratos y ordenanzas de los siglos XIV, XV, XVI
Mención de responsabilidad, etc. por G. J. de Osma.
250 ## - MENCIÓN DE EDICIÓN
Mención de edición 2
260 ## - PUBLICACIÓN, DISTRIBUCIÓN, ETC.
Lugar de publicación, distribución, etc. Madrid
Nombre del editor, distribuidor, etc. Instituto de Valencia de San Juan
Fecha de publicación, distribución, etc. 1923
300 ## - DESCRIPCIÓN FÍSICA
Extensión 181 p.
Otras características físicas il., 1 lámina
Dimensiones 30 cm.
440 #0 - MENCIÓN DE SERIE/PUNTO DE ACCESO ADICIONAL--TÍTULO
Título Textos y documentos valencianos
Designación de volumen o secuencia 2
9 (RLIN) 9251
500 ## - NOTA GENERAL
Nota general Ejemplar numerado 491
500 ## - NOTA GENERAL
Nota general Incluye texto original en latín
500 ## - NOTA GENERAL
Nota general Incluye índice de los documentos originales que se imprimieron en la entrega de la edición e índice de tecnicismos, nombres propios de labores, objetos, etc.
500 ## - NOTA GENERAL
Nota general B231
650 14 - PUNTO DE ACCESO ADICIONAL DE MATERIA--TÉRMINO DE MATERIA
Término de materia o nombre geográfico como elemento de entrada Cerámica hispano
Subdivisión geográfica Morisca
9 (RLIN) 9252
650 14 - PUNTO DE ACCESO ADICIONAL DE MATERIA--TÉRMINO DE MATERIA
Término de materia o nombre geográfico como elemento de entrada Cerámica
Subdivisión general Manises
Subdivisión geográfica España
9 (RLIN) 9253
650 14 - PUNTO DE ACCESO ADICIONAL DE MATERIA--TÉRMINO DE MATERIA
Término de materia o nombre geográfico como elemento de entrada Cerámica
Subdivisión geográfica España
9 (RLIN) 9254
650 14 - PUNTO DE ACCESO ADICIONAL DE MATERIA--TÉRMINO DE MATERIA
Término de materia o nombre geográfico como elemento de entrada Los maestros alfareros de Manises
Subdivisión geográfica Paterna y Valencia
9 (RLIN) 9255
902 ## - CATALOGADOR
Iniciales GFM
942 ## - ELEMENTOS DE PUNTO DE ACCESO ADICIONAL (KOHA)
Fuente del sistema de clasificación o colocación Library of Congress Classification
Tipo de ítem Koha Libros
Holdings
Estado de retiro Estado de pérdida Estado dañado No para préstamo Localización permanente Ubicación/localización actual Fecha de adquisición Número de inventario Total de préstamos Signatura topográfica completa Código de barras Fecha visto por última vez Precio válido a partir de Tipo de ítem Koha
El ejemplar forma parte de la colección y puede ser consultado según las políticas vigentes.       Biblioteca del Museo Franz Mayer (Rogerio Casas-Alatriste) Biblioteca del Museo Franz Mayer (Rogerio Casas-Alatriste) 04/08/2009 B231   NK4310 .O84 1923 (B231) 3560 22/03/2019 22/03/2019 Libros